000 01089cam a2200301 i 4500
999 _c1889
_d1889
001 19055014
003 OSt
005 20230214084902.0
008 160414s2016 nyua j 001 0 eng
010 _a 2016285078
020 _a9781508190691 (pbk.)
040 _aDLC
_beng
_erda
_cDLC
_dDLC
_dKH8
042 _apcc
082 0 0 _a508.2 LYN
_223
100 1 _aLynch, Annabelle.
_eauthor.
245 1 0 _aSeasons /
_cby Annabelle Lynch.
264 1 _aNew York :
_bWindmill Books,
_c2016.
300 _a24 pages :
_bcolor illustrations ;
_c24 cm.
336 _atext
_btxt
_2rdacontent
337 _aunmediated
_bn
_2rdamedia
338 _avolume
_bnc
_2rdacarrier
490 0 _aNature explorers
500 _aIncludes index.
650 0 _aSeasons
_vJuvenile literature.
906 _a7
_bcbc
_corigres
_d2
_encip
_f20
_gy-gencatlg
942 _2ddc
_cNFIC